000
00421nam a2200157Ia 4500
008
090123s9999 xx 000 0 und d
082
_b
15925
245
_a
समुद्र की आग
250
_a
0
260
_b
नकहत प.
300
_a
156
630
_a
समुद्र की आग
700
_a
प्रेम प्रकाश
730
_a
समुद्र की आग
942
_c
BOOK
999
_c
53986
_d
53986